[Event "World Junior U20 Girls 2018"]
[Site "Gebze"]
[Date "2018.09.12"]
[Round "8"]
[White "Celik, Eda"]
[Black "Ince, Safiye Oyku"]
[Result "1/2-1/2"]
[WhiteElo "1970"]
[BlackElo "1905"]
[Annotator "NA"]
[PlyCount "73"]
[EventDate "2018.09.05"]
[EventType "swiss"]
[EventCountry "TUR"]
[SourceTitle "playchess.com"]
[Source "ChessBase"]
[SourceQuality "1"]
[TimeControl "40/5400+30:1800+30"]

1. e4 {[%emt 0:00:30]} c5 {[%emt 0:00:30]} 2. Nf3 {[%emt 0:00:30]} e6 {[%emt 0:00:00]} 3. d3 {[%emt 0:00:30]} Nc6 {[%emt 0:00:00]} 4. g3 {[%emt 0:00:00]} g6 {[%emt 0:00:30]} 5. Bg2 {[%emt 0:00:00]} Bg7 {[%emt 0:00:00]} 6. O-O {[%emt 0:00:30]} Nge7 {[%emt 0:00:00]} 7. c3 {[%emt 0:00:00]} O-O {[%emt 0:00:30]} 8. Re1 {[%emt 0:00:00]} e5 {[%emt 0:00:30]} 9. Nbd2 {[%emt 0:00:30]} d6 {[%emt 0:01:30]} 10. a3 {[%emt 0:01:30]} a5 {[%emt 0:01:30]} 11. a4 {[%emt 0:01:30]} b6 {[%emt 0:01:30]} 12. Nc4 {[%emt 0:01:30]} Ba6 {[%emt 0:00:30]} 13. Ng5 {[%emt 0:24:30]} h6 {[%emt 0:06:30]} 14. Nh3 {[%emt 0:01:30]} Rb8 {[%emt 0:03:30]} 15. f4 {[%emt 0:02:30]} b5 {[%emt 0:03:30]} 16. axb5 {[%emt 0:01:30]} Bxb5 {[%emt 0:00:00]} 17. f5 {[%emt 0:16:30]} d5 {[%emt 0:01:00]} 18. exd5 {[%emt 0:04:30]} Nxd5 {[%emt 0:01:30]} 19. fxg6 {[%emt 0:07:30]} fxg6 {[%emt 0:03:30]} 20. Qg4 {[%emt 0:02:30]} Kh7 {[%emt 0:06:30]} 21. Be4 {[%emt 0:03:30]} Nce7 {[%emt 0:09:30]} 22. Bg5 {[%emt 0:24:34]} Qd7 {[%emt 0:02:30]} 23. Qxd7 {[%emt 0:03:18]} Bxd7 {[%emt 0:00:30]} 24. Bxe7 {[%emt 0:00:25]} Nxe7 {[%emt 0:00:30]} 25. Bg2 {[%emt 0:01:12]} Be6 {[%emt 0:06:30]} 26. Nxe5 {[%emt 0:01:16]} Rxb2 {[%emt 0:00:00]} 27. Nf4 {[%emt 0:00:10]} Ba2 {[%emt 0:03:00]} 28. Nc4 {[%emt 0:00:53]} Bxc4 {[%emt 0:01:30]} 29. Rxe7 {[%emt 0:00:30]} Bf7 {[%emt 0:00:30]} 30. Rxa5 {[%emt 0:00:30]} g5 {[%emt 0:00:00]} 31. Be4+ {[%emt 0:00:49]} Kg8 {[%emt 0:00:00]} 32. Ng6 {[%emt 0:00:18]} Bxg6 {[%emt 0:00:30]} 33. Bxg6 {[%emt 0:00:09]} Bxc3 {[%emt 0:00:30]} 34. Ra1 {[%emt 0:00:52]} Bd4+ {[%emt 0:04:30]} 35. Kh1 {[%emt 0:00:06]} Rxh2+ {[%emt 0:00:30]} 36. Kxh2 {[%emt 0:00:30]} Bxa1 {[%emt 0:00:00]} 37. Be4 {[%emt 0:00:50]} 1/2-1/2

[Event "World Junior U20 Girls 2018"]
[Site "Gebze"]
[Date "2018.09.12"]
[Round "8"]
[White "Meenal Gupta"]
[Black "Hilario, Aleyla"]
[Result "1-0"]
[WhiteElo "1963"]
[BlackElo "2203"]
[Annotator "NA"]
[PlyCount "59"]
[EventDate "2018.09.05"]
[EventType "swiss"]
[EventCountry "TUR"]
[SourceTitle "playchess.com"]
[Source "ChessBase"]
[SourceQuality "1"]
[TimeControl "40/5400+30:1800+30"]

1. e4 {[%emt 0:00:30]} e5 {[%emt 0:00:30]} 2. Nf3 {[%emt 0:00:30]} Nc6 {[%emt 0:00:30]} 3. Bb5 {[%emt 0:00:00]} a6 {[%emt 0:00:00]} 4. Ba4 {[%emt 0:00:00]} Nf6 {[%emt 0:00:00]} 5. O-O {[%emt 0:00:30]} Be7 {[%emt 0:00:30]} 6. Re1 {[%emt 0:00:00]} b5 {[%emt 0:00:00]} 7. Bb3 {[%emt 0:00:00]} O-O {[%emt 0:00:00]} 8. h3 {[%emt 0:02:30]} d6 {[%emt 0:00:00]} 9. c3 {[%emt 0:00:30]} Na5 {[%emt 0:00:00]} 10. Bc2 {[%emt 0:00:30]} c5 {[%emt 0:00:30]} 11. d4 {[%emt 0:00:00]} Nd7 {[%emt 0:02:30]} 12. a4 {[%emt 0:06:00]} Rb8 {[%emt 0:03:30]} 13. Nbd2 {[%emt 0:01:30]} exd4 {[%emt 0:12:30]} 14. cxd4 {[%emt 0:00:30]} Nc6 {[%emt 0:00:00]} 15. axb5 {[%emt 0:08:30]} axb5 {[%emt 0:00:00]} 16. Nf1 {[%emt 0:00:00]} Bf6 {[%emt 0:01:30]} 17. Be3 {[%emt 0:02:00]} Qb6 {[%emt 0:00:30]} 18. e5 {[%emt 0:03:30]} dxe5 {[%emt 0:09:30]} 19. dxc5 {[%emt 0:00:30]} Nxc5 {[%emt 0:06:30]} 20. Bxh7+ {[%emt 0:00:30]} Kh8 {[%emt 0:01:30]} 21. Nxe5 {[%emt 0:07:30]} Kxh7 {[%emt 0:09:30]} 22. Qc2+ {[%emt 0:11:30]} Kg8 {[%emt 0:04:30]} 23. Bxc5 {[%emt 0:03:30]} Qb7 {[%emt 0:02:30]} 24. Bxf8 {[%emt 0:01:30]} Nxe5 {[%emt 0:00:30]} 25. f4 {[%emt 0:08:30]} Nf3+ {[%emt 0:05:30]} 26. gxf3 {[%emt 0:00:30]} Bd4+ {[%emt 0:00:00]} 27. Kg2 {[%emt 0:00:30]} Bxh3+ {[%emt 0:07:00]} 28. Kxh3 {[%emt 0:00:30]} Qxf3+ {[%emt 0:00:30]} 29. Ng3 {[%emt 0:00:30]} Rb6 {[%emt 0:00:00]} 30. Bd6 {[%emt 0:00:00]} 1-0

[Event "World Junior U20 Girls 2018"]
[Site "Gebze"]
[Date "2018.09.12"]
[Round "8"]
[White "Vujcic, Milena"]
[Black "Huttl, Sofie"]
[Result "1/2-1/2"]
[WhiteElo "1955"]
[BlackElo "1727"]
[Annotator "NA"]
[PlyCount "71"]
[EventDate "2018.09.05"]
[EventType "swiss"]
[EventCountry "TUR"]
[SourceTitle "playchess.com"]
[Source "ChessBase"]
[SourceQuality "1"]
[TimeControl "40/5400+30:1800+30"]

1. e4 {[%emt 0:00:30]} e5 {[%emt 0:00:30]} 2. Nf3 {[%emt 0:00:30]} Nc6 {[%emt 0:00:30]} 3. Bb5 {[%emt 0:00:30]} Nge7 {[%emt 0:00:00]} 4. c3 {[%emt 0:00:00]} d5 {[%emt 0:00:00]} 5. Nxe5 {[%emt 0:04:00]} dxe4 {[%emt 0:00:00]} 6. Nxc6 {[%emt 0:02:30]} bxc6 {[%emt 0:00:00]} 7. Be2 {[%emt 0:00:30]} Bf5 {[%emt 0:03:30]} 8. O-O {[%emt 0:00:30]} Ng6 {[%emt 0:07:30]} 9. f3 {[%emt 0:08:30]} Bc5+ {[%emt 0:27:30]} 10. Kh1 {[%emt 0:01:30]} O-O {[%emt 0:18:30]} 11. fxe4 {[%emt 0:03:30]} Bxe4 {[%emt 0:00:30]} 12. d4 {[%emt 0:05:30]} Bd6 {[%emt 0:00:30]} 13. Qe1 {[%emt 0:08:30]} Qh4 {[%emt 0:06:30]} 14. Qxh4 {[%emt 0:01:30]} Nxh4 {[%emt 0:00:00]} 15. Rg1 {[%emt 0:05:30]} Rfe8 {[%emt 0:04:00]} 16. Bf1 {[%emt 0:02:30]} c5 {[%emt 0:01:30]} 17. Bg5 {[%emt 0:03:30]} Nf5 {[%emt 0:01:30]} 18. Nd2 {[%emt 0:01:30]} Bc6 19. Bd3 {[%emt 0:03:30]} Ne3 {[%emt 0:07:00]} 20. Nc4 {[%emt 0:06:30]} Nxc4 {[%emt 0:00:40]} 21. Bxc4 {[%emt 0:00:30]} cxd4 {[%emt 0:00:20]} 22. Rgf1 {[%emt 0:05:30]} Kh8 {[%emt 0:01:32]} 23. cxd4 {[%emt 0:02:30]} f6 {[%emt 0:00:25]} 24. d5 {[%emt 0:04:30]} fxg5 {[%emt 0:03:41]} 25. dxc6 {[%emt 0:01:30]} Rab8 {[%emt 0:01:02]} 26. b3 {[%emt 0:00:30]} Rf8 {[%emt 0:02:50]} 27. Rfd1 {[%emt 0:01:30]} Rf2 {[%emt 0:01:55]} 28. a4 {[%emt 0:01:30]} g6 {[%emt 0:02:23]} 29. Rac1 {[%emt 0:03:30]} Rd8 {[%emt 0:02:40]} 30. Kg1 {[%emt 0:00:30]} Rf6 {[%emt 0:01:08]} 31. Kh1 {[%emt 0:02:30]} Rdf8 {[%emt 0:00:42]} 32. Bb5 {[%emt 0:00:30]} Kg7 {[%emt 0:00:29]} 33. Rf1 {[%emt 0:03:29]} Rxf1+ {[%emt 0:00:56]} 34. Bxf1 {[%emt 0:00:20]} Rf5 {[%emt 0:00:41]} 35. Bb5 {[%emt 0:00:13]} h5 {[%emt 0:00:58]} 36. Rd1 {[%emt 0:04:00]} 1/2-1/2

[Event "World Junior U20 Girls 2018"]
[Site "Gebze"]
[Date "2018.09.12"]
[Round "8"]
[White "Heydarova, Aytaj"]
[Black "Li, Xinyu"]
[Result "0-1"]
[WhiteElo "1948"]
[BlackElo "2086"]
[Annotator "NA"]
[PlyCount "116"]
[EventDate "2018.09.05"]
[EventType "swiss"]
[EventCountry "TUR"]
[SourceTitle "playchess.com"]
[Source "ChessBase"]
[SourceQuality "1"]
[TimeControl "40/5400+30:1800+30"]

1. Nf3 {[%emt 0:00:30]} d5 {[%emt 0:00:30]} 2. g3 {[%emt 0:00:30]} Nf6 {[%emt 0:00:30]} 3. Bg2 {[%emt 0:00:30]} Bf5 {[%emt 0:00:00]} 4. d3 {[%emt 0:00:00]} e6 {[%emt 0:00:00]} 5. O-O {[%emt 0:00:00]} c6 {[%emt 0:00:30]} 6. Nbd2 {[%emt 0:00:00]} Be7 {[%emt 0:00:30]} 7. Qe1 {[%emt 0:00:00]} h6 {[%emt 0:00:30]} 8. e4 {[%emt 0:00:00]} Bh7 {[%emt 0:00:30]} 9. Qe2 {[%emt 0:00:00]} O-O {[%emt 0:00:00]} 10. e5 {[%emt 0:00:00]} Nfd7 {[%emt 0:00:00]} 11. Re1 {[%emt 0:00:00]} Qc7 {[%emt 0:05:30]} 12. Nf1 {[%emt 0:03:30]} c5 {[%emt 0:04:30]} 13. h4 {[%emt 0:01:30]} Nc6 {[%emt 0:00:30]} 14. Bf4 {[%emt 0:00:30]} b5 {[%emt 0:00:30]} 15. g4 {[%emt 0:04:30]} Rab8 {[%emt 0:14:30]} 16. g5 {[%emt 0:20:30]} h5 {[%emt 0:00:30]} 17. Ng3 {[%emt 0:00:30]} Bg6 {[%emt 0:00:30]} 18. Nh2 {[%emt 0:02:30]} Nd4 {[%emt 0:02:30]} 19. Qd1 {[%emt 0:00:30]} Nc6 {[%emt 0:11:30]} 20. Nxh5 {[%emt 0:08:30]} Ncxe5 {[%emt 0:01:30]} 21. Bg3 {[%emt 0:12:30]} Bd6 {[%emt 0:01:30]} 22. Nf4 {[%emt 0:01:30]} Bf5 {[%emt 0:02:30]} 23. Qd2 {[%emt 0:08:30]} Ng6 {[%emt 0:04:30]} 24. Nxg6 {[%emt 0:01:30]} fxg6 {[%emt 0:00:30]} 25. Bxd6 {[%emt 0:02:30]} Qxd6 {[%emt 0:00:30]} 26. Re2 {[%emt 0:09:30]} Rf7 {[%emt 0:08:30]} 27. Rae1 {[%emt 0:04:44]} Rbf8 {[%emt 0:00:30]} 28. d4 {[%emt 0:01:10]} Nb8 {[%emt 0:06:30]} 29. dxc5 {[%emt 0:05:50]} Qxc5 {[%emt 0:00:30]} 30. b3 {[%emt 0:00:00]} Nc6 {[%emt 0:05:30]} 31. c3 {[%emt 0:03:07]} Rd8 {[%emt 0:05:30]} 32. Qe3 {[%emt 0:02:36]} Qd6 {[%emt 0:04:30]} 33. Rd2 {[%emt 0:01:58]} b4 {[%emt 0:01:31]} 34. cxb4 {[%emt 0:01:58]} Qxb4 {[%emt 0:00:16]} 35. Nf3 {[%emt 0:03:34]} d4 {[%emt 0:07:39]} 36. Qe2 {[%emt 0:00:41]} Bg4 {[%emt 0:02:32]} 37. Rd3 {[%emt 0:01:37]} e5 {[%emt 0:03:57]} 38. Rc1 {[%emt 0:00:26]} Qb5 {[%emt 0:04:15]} 39. a4 {[%emt 0:00:41]} Qa6 {[%emt 0:00:25]} 40. Qe4 {[%emt 0:00:00]} Nb4 {[%emt 0:00:00]} 41. Rd2 {[%emt 0:03:08]} Bxf3 {[%emt 0:03:55]} 42. Bxf3 {[%emt 0:00:00]} Qd6 {[%emt 0:00:30]} 43. Bg2 {[%emt 0:03:00]} Re8 {[%emt 0:12:47]} 44. Rc4 {[%emt 0:04:30]} Rd8 {[%emt 0:04:49]} 45. a5 {[%emt 0:03:30]} a6 {[%emt 0:01:44]} 46. Bh3 {[%emt 0:05:03]} Nd5 {[%emt 0:02:30]} 47. Rdc2 {[%emt 0:04:46]} Nc3 {[%emt 0:03:27]} 48. Qc6 {[%emt 0:04:04]} Rf4 {[%emt 0:02:37]} 49. Qxd6 {[%emt 0:05:38]} Rxd6 {[%emt 0:00:30]} 50. Rc8+ {[%emt 0:00:00]} Rf8 {[%emt 0:00:14]} 51. Rc5 {[%emt 0:00:21]} e4 {[%emt 0:00:45]} 52. Re5 {[%emt 0:00:54]} Kf7 {[%emt 0:00:58]} 53. h5 {[%emt 0:00:50]} gxh5 {[%emt 0:01:01]} 54. Bf5 {[%emt 0:00:32]} Re8 {[%emt 0:01:38]} 55. Rxe8 {[%emt 0:01:22]} Kxe8 {[%emt 0:00:05]} 56. Kh2 {[%emt 0:00:23]} g6 {[%emt 0:00:44]} 57. Bh3 {[%emt 0:00:45]} Rd5 {[%emt 0:01:08]} 58. Rd2 {[%emt 0:00:42]} d3 {[%emt 0:00:51]} 0-1

[Event "World Junior U20 Girls 2018"]
[Site "Gebze"]
[Date "2018.09.12"]
[Round "8"]
[White "Hereklioglu, Sude"]
[Black "Caballero Quijano, Mitzy Mishell"]
[Result "1-0"]
[WhiteElo "1930"]
[BlackElo "2034"]
[Annotator "NA"]
[PlyCount "63"]
[EventDate "2018.09.05"]
[EventType "swiss"]
[EventCountry "TUR"]
[SourceTitle "playchess.com"]
[Source "ChessBase"]
[SourceQuality "1"]
[TimeControl "40/5400+30:1800+30"]

1. e4 {[%emt 0:00:30]} e6 {[%emt 0:00:30]} 2. Nf3 {[%emt 0:01:30]} d5 {[%emt 0:00:30]} 3. e5 {[%emt 0:01:30]} c5 {[%emt 0:00:30]} 4. d3 {[%emt 0:00:30]} Nc6 {[%emt 0:01:30]} 5. g3 {[%emt 0:01:30]} Qc7 {[%emt 0:04:30]} 6. Qe2 {[%emt 0:03:30]} Nge7 {[%emt 0:00:30]} 7. c3 {[%emt 0:03:30]} Ng6 {[%emt 0:09:30]} 8. d4 {[%emt 0:04:30]} b6 {[%emt 0:03:30]} 9. Be3 {[%emt 0:16:30]} cxd4 {[%emt 0:11:30]} 10. cxd4 {[%emt 0:03:30]} Bb4+ {[%emt 0:10:30]} 11. Nbd2 {[%emt 0:10:30]} O-O {[%emt 0:00:30]} 12. a3 {[%emt 0:07:30]} Be7 {[%emt 0:00:30]} 13. h4 {[%emt 0:00:30]} a5 {[%emt 0:26:30]} 14. Ng5 {[%emt 0:16:30]} h6 {[%emt 0:00:30]} 15. Nh3 {[%emt 0:01:30]} Ba6 {[%emt 0:08:15]} 16. Qg4 {[%emt 0:01:30]} Bxf1 {[%emt 0:01:18]} 17. Kxf1 {[%emt 0:00:30]} Ngxe5 {[%emt 0:13:55]} 18. dxe5 {[%emt 0:00:30]} Qxe5 {[%emt 0:01:00]} 19. Bxh6 {[%emt 0:02:30]} Qxb2 {[%emt 0:02:27]} 20. Kg2 {[%emt 0:04:51]} Qd4 {[%emt 0:01:12]} 21. Nf4 {[%emt 0:05:09]} f5 {[%emt 0:00:18]} 22. Qg6 {[%emt 0:00:47]} Qf6 {[%emt 0:00:05]} 23. Bg5 {[%emt 0:00:22]} Qxg6 {[%emt 0:01:19]} 24. Nxg6 {[%emt 0:00:30]} Bxg5 {[%emt 0:00:30]} 25. hxg5 {[%emt 0:00:00]} Rfe8 {[%emt 0:00:00]} 26. Rac1 {[%emt 0:01:23]} Kf7 {[%emt 0:00:17]} 27. Rxc6 {[%emt 0:00:30]} Kxg6 {[%emt 0:00:00]} 28. f4 {[%emt 0:00:04]} b5 {[%emt 0:00:44]} 29. Nf3 {[%emt 0:00:10]} Kf7 {[%emt 0:00:00]} 30. Rc7+ {[%emt 0:01:31]} Kg8 {[%emt 0:00:15]} 31. g6 {[%emt 0:00:46]} Rac8 {[%emt 0:00:29]} 32. Rhc1 {[%emt 0:00:54]} 1-0

[Event "World Junior U20 Girls 2018"]
[Site "Gebze"]
[Date "2018.09.12"]
[Round "8"]
[White "Tian, Shi Yuan"]
[Black "Santeramo, Alessia"]
[Result "1/2-1/2"]
[WhiteElo "1923"]
[BlackElo "2124"]
[Annotator "NA"]
[PlyCount "60"]
[EventDate "2018.09.05"]
[EventType "swiss"]
[EventCountry "TUR"]
[SourceTitle "playchess.com"]
[Source "ChessBase"]
[SourceQuality "1"]
[TimeControl "40/5400+30:1800+30"]

1. d4 {[%emt 0:00:30]} Nf6 {[%emt 0:00:30]} 2. Nf3 {[%emt 0:00:30]} e6 {[%emt 0:00:00]} 3. c4 {[%emt 0:00:30]} Bb4+ {[%emt 0:00:00]} 4. Bd2 {[%emt 0:00:00]} Qe7 {[%emt 0:00:00]} 5. e3 {[%emt 0:03:00]} b6 {[%emt 0:02:00]} 6. a3 {[%emt 0:00:30]} Bxd2+ {[%emt 0:01:30]} 7. Nbxd2 {[%emt 0:01:30]} Bb7 {[%emt 0:00:00]} 8. Qc2 {[%emt 0:06:30]} d6 {[%emt 0:04:00]} 9. Be2 {[%emt 0:05:30]} O-O {[%emt 0:01:30]} 10. O-O {[%emt 0:01:30]} e5 {[%emt 0:08:30]} 11. d5 {[%emt 0:04:30]} Nbd7 {[%emt 0:03:30]} 12. Rfe1 {[%emt 0:13:30]} g6 {[%emt 0:05:30]} 13. e4 {[%emt 0:05:30]} Nh5 {[%emt 0:01:30]} 14. g3 {[%emt 0:01:30]} Ng7 {[%emt 0:00:30]} 15. Bf1 {[%emt 0:08:30]} a5 {[%emt 0:07:30]} 16. b4 {[%emt 0:04:30]} Nf6 {[%emt 0:05:30]} 17. Bh3 {[%emt 0:04:30]} Bc8 {[%emt 0:01:30]} 18. Bxc8 {[%emt 0:00:30]} Rfxc8 {[%emt 0:00:30]} 19. Qc3 {[%emt 0:03:30]} Nd7 {[%emt 0:01:30]} 20. Qe3 {[%emt 0:01:30]} Qf8 {[%emt 0:17:30]} 21. Qh6 {[%emt 0:06:30]} Nh5 {[%emt 0:03:30]} 22. Qxf8+ {[%emt 0:01:30]} Rxf8 {[%emt 0:00:30]} 23. Kg2 {[%emt 0:02:30]} h6 {[%emt 0:00:30]} 24. Nh4 {[%emt 0:02:30]} Kh7 {[%emt 0:00:30]} 25. h3 {[%emt 0:03:15]} Ra7 {[%emt 0:02:30]} 26. Nb3 {[%emt 0:02:04]} axb4 {[%emt 0:04:30]} 27. axb4 {[%emt 0:00:30]} Rfa8 {[%emt 0:00:00]} 28. Rxa7 {[%emt 0:00:15]} Rxa7 {[%emt 0:00:00]} 29. Ra1 {[%emt 0:00:30]} Rxa1 {[%emt 0:00:00]} 30. Nxa1 {[%emt 0:00:00]} Kg7 {[%emt 0:04:00]} 1/2-1/2

[Event "World Junior U20 Girls 2018"]
[Site "Gebze"]
[Date "2018.09.12"]
[Round "8"]
[White "Koo, Wei Xin Rosamund"]
[Black "Celik, Eylul"]
[Result "0-1"]
[WhiteElo "1918"]
[BlackElo "2014"]
[Annotator "NA"]
[PlyCount "74"]
[EventDate "2018.09.05"]
[EventType "swiss"]
[EventCountry "TUR"]
[SourceTitle "playchess.com"]
[Source "ChessBase"]
[SourceQuality "1"]
[TimeControl "40/5400+30:1800+30"]

1. c4 {[%emt 0:00:30]} c6 {[%emt 0:00:30]} 2. Nf3 {[%emt 0:00:00]} d5 {[%emt 0:00:30]} 3. d4 {[%emt 0:00:00]} e6 {[%emt 0:00:00]} 4. Qc2 {[%emt 0:01:30]} dxc4 {[%emt 0:00:00]} 5. Qxc4 {[%emt 0:00:30]} b5 {[%emt 0:00:30]} 6. Qc2 {[%emt 0:01:30]} Bb7 {[%emt 0:00:30]} 7. Nc3 {[%emt 0:05:30]} Nf6 {[%emt 0:00:30]} 8. Bg5 {[%emt 0:01:30]} Nbd7 {[%emt 0:02:30]} 9. e4 {[%emt 0:04:30]} h6 {[%emt 0:00:30]} 10. Bd2 {[%emt 0:02:30]} Bb4 {[%emt 0:10:30]} 11. e5 {[%emt 0:06:30]} Bxc3 {[%emt 0:00:30]} 12. bxc3 {[%emt 0:00:30]} Nd5 {[%emt 0:00:30]} 13. a4 {[%emt 0:10:30]} a6 {[%emt 0:01:30]} 14. c4 {[%emt 0:05:30]} bxc4 {[%emt 0:00:30]} 15. Bxc4 {[%emt 0:00:00]} a5 {[%emt 0:02:30]} 16. O-O {[%emt 0:06:00]} O-O {[%emt 0:01:30]} 17. Ba2 {[%emt 0:04:30]} Re8 {[%emt 0:02:30]} 18. Bb1 {[%emt 0:01:30]} Nf8 {[%emt 0:00:30]} 19. Qe4 {[%emt 0:02:30]} Qe7 {[%emt 0:10:30]} 20. Qg4 {[%emt 0:06:30]} Kh8 {[%emt 0:01:30]} 21. Re1 {[%emt 0:15:30]} c5 {[%emt 0:07:30]} 22. dxc5 {[%emt 0:03:30]} Qxc5 {[%emt 0:02:30]} 23. Bd3 {[%emt 0:01:17]} Ba6 {[%emt 0:05:30]} 24. Rec1 {[%emt 0:01:16]} Qe7 {[%emt 0:00:30]} 25. Bb5 {[%emt 0:04:08]} Bxb5 {[%emt 0:01:30]} 26. axb5 {[%emt 0:00:03]} Reb8 {[%emt 0:04:30]} 27. Nd4 {[%emt 0:01:00]} Nb4 {[%emt 0:01:30]} 28. Nc6 {[%emt 0:03:22]} Nxc6 {[%emt 0:00:30]} 29. bxc6 {[%emt 0:00:00]} Qc7 {[%emt 0:01:30]} 30. Qd4 {[%emt 0:09:47]} Rd8 {[%emt 0:03:30]} 31. Qc3 {[%emt 0:00:04]} a4 {[%emt 0:01:30]} 32. Be3 {[%emt 0:00:33]} Ng6 {[%emt 0:00:30]} 33. f4 {[%emt 0:00:56]} Ne7 {[%emt 0:01:30]} 34. Bc5 {[%emt 0:02:04]} Nxc6 {[%emt 0:01:30]} 35. Kh1 {[%emt 0:00:32]} Qd7 {[%emt 0:05:30]} 36. Bd6 {[%emt 0:01:16]} Na5 {[%emt 0:02:30]} 37. Qc7 {[%emt 0:00:57]} Nb3 {[%emt 0:00:30]} 0-1

[Event "World Junior U20 Girls 2018"]
[Site "Gebze"]
[Date "2018.09.12"]
[Round "8"]
[White "Doroy Allaney Jia G"]
[Black "Ivana Maria, Furtado"]
[Result "1-0"]
[WhiteElo "1914"]
[BlackElo "2144"]
[Annotator "NA"]
[PlyCount "155"]
[EventDate "2018.09.05"]
[EventType "swiss"]
[EventCountry "TUR"]
[SourceTitle "playchess.com"]
[Source "ChessBase"]
[SourceQuality "1"]
[TimeControl "40/5400+30:1800+30"]

1. c4 {[%emt 0:00:30]} Nf6 {[%emt 0:00:30]} 2. g3 {[%emt 0:00:00]} g6 {[%emt 0:00:30]} 3. Bg2 {[%emt 0:00:00]} Bg7 {[%emt 0:00:30]} 4. Nc3 {[%emt 0:00:30]} c6 {[%emt 0:00:30]} 5. Nf3 {[%emt 0:02:30]} d5 {[%emt 0:00:30]} 6. cxd5 {[%emt 0:01:30]} cxd5 {[%emt 0:00:30]} 7. d4 {[%emt 0:00:00]} O-O {[%emt 0:01:30]} 8. O-O {[%emt 0:00:00]} Nc6 {[%emt 0:00:00]} 9. Ne5 {[%emt 0:04:30]} e6 {[%emt 0:02:00]} 10. Nxc6 {[%emt 0:02:30]} bxc6 {[%emt 0:00:00]} 11. Bf4 {[%emt 0:00:30]} Nh5 {[%emt 0:02:00]} 12. Be3 {[%emt 0:01:30]} f5 {[%emt 0:04:30]} 13. Qd2 {[%emt 0:04:30]} Rb8 {[%emt 0:11:30]} 14. Na4 {[%emt 0:07:30]} Qd6 {[%emt 0:06:30]} 15. Rac1 {[%emt 0:17:30]} Ba6 {[%emt 0:16:30]} 16. Nc5 {[%emt 0:02:30]} Bb5 {[%emt 0:01:30]} 17. b3 {[%emt 0:12:30]} f4 {[%emt 0:04:30]} 18. gxf4 {[%emt 0:01:30]} Nxf4 {[%emt 0:05:30]} 19. Rfe1 {[%emt 0:04:30]} Nxe2+ {[%emt 0:16:30]} 20. Rxe2 {[%emt 0:00:30]} Bxe2 {[%emt 0:00:00]} 21. Qxe2 {[%emt 0:00:30]} e5 {[%emt 0:01:00]} 22. Qd2 {[%emt 0:09:30]} e4 {[%emt 0:03:30]} 23. Qe2 {[%emt 0:02:30]} Rbe8 {[%emt 0:01:58]} 24. Qa6 {[%emt 0:02:30]} Rf7 {[%emt 0:02:58]} 25. Nb7 {[%emt 0:02:30]} Qb8 {[%emt 0:06:03]} 26. Na5 {[%emt 0:00:30]} Qb6 {[%emt 0:01:29]} 27. Qxb6 {[%emt 0:05:17]} axb6 {[%emt 0:00:03]} 28. Nxc6 {[%emt 0:00:30]} Rc7 {[%emt 0:01:04]} 29. Bf1 {[%emt 0:01:09]} Ra8 {[%emt 0:05:35]} 30. Rc2 {[%emt 0:01:38]} Bf8 {[%emt 0:00:46]} 31. Bf4 {[%emt 0:04:58]} Rf7 {[%emt 0:01:05]} 32. Bg3 {[%emt 0:00:57]} Bg7 {[%emt 0:01:25]} 33. Bh3 {[%emt 0:00:30]} Re8 {[%emt 0:00:18]} 34. Ne5 {[%emt 0:01:16]} Bxe5 {[%emt 0:01:09]} 35. Bxe5 {[%emt 0:00:28]} Ra7 {[%emt 0:01:04]} 36. a4 {[%emt 0:00:18]} Rb7 {[%emt 0:01:49]} 37. Rc6 {[%emt 0:00:20]} Kf7 {[%emt 0:00:00]} 38. Rd6 {[%emt 0:00:58]} b5 {[%emt 0:00:25]} 39. Rd7+ {[%emt 0:03:47]} Re7 {[%emt 0:01:00]} 40. Rxd5 {[%emt 0:00:00]} bxa4 {[%emt 0:00:00]} 41. bxa4 {[%emt 0:01:24]} Ra7 {[%emt 0:05:19]} 42. a5 {[%emt 0:00:30]} Reb7 {[%emt 0:01:30]} 43. Bf1 {[%emt 0:00:30]} Rb1 {[%emt 0:01:30]} 44. Rc5 {[%emt 0:00:00]} Ke6 {[%emt 0:02:30]} 45. Kg2 {[%emt 0:00:00]} Ra1 {[%emt 0:02:30]} 46. Bc4+ {[%emt 0:01:30]} Kd7 {[%emt 0:00:30]} 47. a6 {[%emt 0:00:00]} h5 {[%emt 0:02:00]} 48. d5 {[%emt 0:01:00]} R1xa6 {[%emt 0:02:23]} 49. Bxa6 {[%emt 0:00:30]} Rxa6 {[%emt 0:00:01]} 50. Rc7+ {[%emt 0:00:30]} Kd8 {[%emt 0:00:30]} 51. d6 {[%emt 0:00:00]} Ke8 {[%emt 0:00:18]} 52. Rh7 {[%emt 0:00:00]} Rc6 {[%emt 0:00:34]} 53. Bf4 {[%emt 0:02:30]} Rc5 {[%emt 0:00:26]} 54. Re7+ {[%emt 0:01:30]} Kd8 {[%emt 0:00:07]} 55. Re5 {[%emt 0:01:30]} Rc4 {[%emt 0:04:01]} 56. Rg5 {[%emt 0:00:30]} Kd7 {[%emt 0:00:30]} 57. Rxg6 {[%emt 0:00:00]} Rd4 {[%emt 0:00:24]} 58. Rg7+ {[%emt 0:00:00]} Ke6 {[%emt 0:00:05]} 59. Rh7 {[%emt 0:03:30]} Kf5 {[%emt 0:00:49]} 60. Bg3 {[%emt 0:00:00]} Kg6 {[%emt 0:01:05]} 61. Re7 {[%emt 0:00:00]} h4 {[%emt 0:00:26]} 62. Bxh4 {[%emt 0:01:30]} Rxd6 {[%emt 0:00:47]} 63. Rxe4 {[%emt 0:00:00]} Kh5 {[%emt 0:00:04]} 64. Bg3 {[%emt 0:00:00]} Rd3 {[%emt 0:00:17]} 65. Re5+ {[%emt 0:01:30]} Kg6 {[%emt 0:00:42]} 66. Kh3 {[%emt 0:00:00]} Rd4 {[%emt 0:00:08]} 67. f4 {[%emt 0:00:00]} Rd6 {[%emt 0:00:41]} 68. Kg4 {[%emt 0:00:30]} Rd4 {[%emt 0:00:15]} 69. h4 {[%emt 0:00:30]} Rc4 {[%emt 0:00:00]} 70. h5+ {[%emt 0:00:00]} Kh6 {[%emt 0:00:13]} 71. Re6+ {[%emt 0:00:00]} Kh7 {[%emt 0:00:09]} 72. Kg5 {[%emt 0:00:00]} Rc8 {[%emt 0:00:00]} 73. Re7+ {[%emt 0:00:00]} Kh8 {[%emt 0:00:00]} 74. Bf2 {[%emt 0:01:30]} Rg8+ {[%emt 0:00:00]} 75. Kh6 {[%emt 0:00:00]} Rd8 {[%emt 0:00:09]} 76. Bd4+ {[%emt 0:00:00]} Kg8 {[%emt 0:00:31]} 77. Rg7+ {[%emt 0:00:30]} Kf8 {[%emt 0:00:30]} 78. Bc5+ {[%emt 0:00:00]} 1-0